000 00430nam a2200181Ia 4500
008 240510s9999 xx 000 0 und d
041 _aEng
082 _a519.68/12
082 _bNS
245 0 _aNCOS1 executive architecture :MSE01E-11
250 _a2nd ed.
260 _bTokyo:NEC
260 _c1986
300 _a574 p.
650 _aNCOS1 operating system: executive system functions
942 _2ddc
942 _cLBK
999 _c23833
_d23833
945 _a1
_bMadushi Gamage
_c1
_dMadushi Gamage